| 000 | 00741nam a2200229 u 4500 | ||
|---|---|---|---|
| 005 | 20240828063736.0 | ||
| 008 | 100205s2005 r 000 0 eng d | ||
| 020 | _a9788471125026 | ||
| 020 | _a8471125021 | ||
| 035 | _aUPN01000174464 | ||
| 049 | _aCG | ||
| 050 | 4 |
_aLB3012.4 F8 _bD4.2 |
|
| 100 | 1 | _aDefrance, Bernard | |
| 245 | 1 | 0 |
_aDisciplina en la escuela / _cBernard Defrance ; tr. de Pablo Manzano. |
| 260 |
_aMadrid : _bMorata : _bMinisterio de Educación y Ciencia, _c2005. |
||
| 300 | _a155 p. | ||
| 440 | 0 | _aPedagogía | |
| 534 |
_pTraducción de: _tSanctions et discipline a l´école |
||
| 650 | 4 |
_aDISCIPLINA ESCOLAR - _zFRANCIA _914990 |
|
| 650 | 4 |
_aEscuelas _xDirección y organización _zFrancia _914991 |
|
| 905 | _aLibro | ||
| 999 |
_c146568 _d146568 |
||